000 00417nam a2200181Ia 4500
001 18618
005 20260306171644.0
008 260306s9999||||xx |||||||||||||| ||und||
041 _aESP
082 _a658.4092
_bG52
100 _aGladwell, Malcolm
_eAUT
245 0 _aLa clave del éxito
260 _c2007
300 _a331 páginas :
_c21 cm.
650 _aGEN
654 _aCAN
942 _cLIB
_dJUS
_fJUS
_2ddc
_n
999 _c18618
_d18618